000
00249nam a2200097Ia 4500
001
780130
005
20250826170118.0
008
250824s9999 xx 000 0 und d
245
0
_a
GÖZLERİNİ SIMSIKI KAPAT
_c
JOHN VERDON
260
_b
KORİDOR YAYINLARI
999
_c
780130
_d
780130